| 000 | 01357 a2200253 4500 | ||
|---|---|---|---|
| 999 |
_c11024 _d11024 |
||
| 020 | _a9780199575596 (hbk.) | ||
| 020 | _a0199575592 (hbk.) | ||
| 020 | _a9780199575589 (pbk.) | ||
| 020 | _a0199575584 (pbk.) | ||
| 050 | 0 | 0 |
_aBC50 _bSID 2010 |
| 100 | 1 |
_aSider, Theodore. _eauthor |
|
| 245 | 1 | 0 |
_aLogic for philosophy / _cTheodore Sider. |
| 264 |
_aNew York : _bOxford University Press, _c2010 |
||
| 300 |
_axiv, 289 pages : _billustration ; |
||
| 336 |
_2rdacontent _atext _btxt |
||
| 337 |
_2rdamediated _aunediated _bn |
||
| 338 |
_2rdacarrier _avolume _bnc |
||
| 504 | _aIncludes bibliographical references (p. [281]-284) and index. | ||
| 505 | _aWhat is logic? -- Propositional logic -- Beyond standard propositional logic -- Predicate logic -- Beyond standard predicate logic -- Modal propositional logic -- Beyond standard modal propositional logic -- Counterfactuals -- Quantified modal logic -- Two-dimensional modal logic -- Appendix A : answers and hints to selected exercises | ||
| 520 | _a'Logic for Philosophy' is an introduction to logic for students of contemporary philosophy. It covers basic approaches to logic, as well as extensions of standard logic and the elementary philosophy of logic | ||
| 650 | 0 | _aLogic. | |
| 942 |
_2lcc _cBK _h50 _iSID 2010 _kBC |
||